Los medios electrn̤icos regulados en Mx̌ico

Bibliographic Details
Main Author: Cornejo Lp̤ez , Valentino
Format: eBook
Language:Spanish
Published: [Barcelona] : Editorial vLex, 2005
Subjects:
Online Access:Acceso restringido

MARC

LEADER 00000nam a22000007a 4500
005 20150731134750.0
007 cr|||| ||||
008 150731s2005 mx |||||s|||| 00||0 spa d
035 |a 12782 
040 |a vLex 
090 |c 5489  |d 5489 
100 1 |a  Cornejo Lp̤ez , Valentino 
245 1 3 |a Los medios electrn̤icos regulados en Mx̌ico  |h [Recurso electrn̤ico] /  |c Valentino Cornejo Lp̤ez  
256 |a Servicio en ln̕ea 
260 |a [Barcelona] :  |b Editorial vLex,  |c 2005 
300 |a 1 recurso electrn̤ico 
506 1 |a Contenido disponible en los productos indicados  |d vLex Global  |d vLex Global (Academic Edition, excluding Law Schools)  |d vLex Global (U.S. Academic Edition, Law Schools)  |d vLex Global (U.S. Academic Edition, excluding Law Schools)  |d vLex Global (Academic Edition, Law Schools) 
650 0 4 |a Tecnologa̕s de la informacin̤  |z Mx̌ico 
650 0 4 |a Medios electrn̤icos  |z Mx̌ico 
740 0 |a vLex Libros (Servicio en ln̕ea) 
856 4 0 |u http://vlex.com/source/medios-electronicos-regulados-mexico-12782  |z Acceso restringido 
942 |c BOOK 
999 0 |a Information technology